Вып. 2: Вопросы зрительной работоспособности; Эргономика

Detalles Bibliográficos
Parent link:Эргономика: [сборник]/ Всесоюзный научно-исследовательский институт технической эстетики (ВНИИТЭ). Вып. 2: Вопросы зрительной работоспособности.— , 1971-1972
Lenguaje:ruso
Publicado: 1971
Materias:
Formato: Libro
KOHA link:https://koha.lib.tpu.ru/cgi-bin/koha/opac-detail.pl?biblionumber=223245

MARC

LEADER 00000nam2a2200000 4500
001 223245
005 20231101230518.0
035 |a (RuTPU)RU\TPU\book\243483 
090 |a 223245 
100 |a 20121008d1971 y0rusy50 ca 
101 0 |a rus 
102 |a RU 
105 |a a z 001zy 
200 0 |a Вып. 2: Вопросы зрительной работоспособности 
210 |d 1971 
215 |a 215 с.  |c ил. 
320 |a Библиография в конце статей 
461 1 |0 (RuTPU)RU\TPU\book\243476  |t Эргономика  |o [сборник]  |f Всесоюзный научно-исследовательский институт технической эстетики (ВНИИТЭ)  |v Вып. 2: Вопросы зрительной работоспособности  |d 1971-1972  |s Труды ВНИИТЭ 
606 1 |a Эргономика  |2 stltpush  |3 (RuTPU)RU\TPU\subj\37487  |9 58447 
610 1 |a зрительное восприятие 
610 1 |a зрительная работоспособность 
610 1 |a оценка 
610 1 |a оптическая информация 
610 1 |a переработка 
610 1 |a световые сигналы 
610 1 |a интенсивность 
610 1 |a влияние 
610 1 |a зрительные коды 
610 1 |a опознание 
610 1 |a идентификация 
610 1 |a поле зрения 
610 1 |a искусственное ограничение 
686 |a У9(2)242.10  |v LBC/SL-A  |2 rubbk 
801 1 |a RU  |b 63413507  |c 20121008 
801 2 |a RU  |b 63413507  |c 20121009  |g RCR 
942 |c BK